| 000 | 00525nam a2200217Ia 4500 | ||
|---|---|---|---|
| 003 | 0100 | ||
| 008 | 130303s9999 xx 000 0 und d | ||
| 040 | _cARRUPELIB | ||
| 050 | _aBP64.A4K49 | ||
| 100 | _aKim, Caleb Chul-Soo | ||
| 245 | _aIslam among the Swahili in East Africa | ||
| 260 | _aNairobi | ||
| 260 | _bActon | ||
| 260 | _C2004 | ||
| 300 | _a224p. | ||
| 300 | _b 23 cm | ||
| 440 | _aAfrican religion in global contexts | ||
| 650 | _bLiberty | ||
| 650 | _cFree will and determinism | ||
| 942 |
_2lcc _03 |
||
| 999 |
_c65448 _d65448 |
||